Intelligent Drone Surveillance System with Real Time Object Tracking (IDSS) / (Record no. 611731)
[ view plain ]
| 000 -LEADER | |
|---|---|
| fixed length control field | 01862nam a22001817a 4500 |
| 003 - CONTROL NUMBER IDENTIFIER | |
| control field | NUST |
| 005 - DATE AND TIME OF LATEST TRANSACTION | |
| control field | 20240923135915.0 |
| 082 ## - DEWEY DECIMAL CLASSIFICATION NUMBER | |
| Classification number | 621.382,IQB |
| 100 ## - MAIN ENTRY--PERSONAL NAME | |
| Personal name | Iqbal, Mohammad Momin |
| 9 (RLIN) | 125992 |
| 245 ## - TITLE STATEMENT | |
| Title | Intelligent Drone Surveillance System with Real Time Object Tracking (IDSS) / |
| Statement of responsibility, etc. | Mohammad Momin Iqbal, Muhammad Saad Mushtaque, Syed Faseeh Hussain Shah, Adil Faraz Khan. |
| 260 ## - PUBLICATION, DISTRIBUTION, ETC. | |
| Place of publication, distribution, etc. | MCS, NUST |
| Name of publisher, distributor, etc. | Rawalpindi |
| Date of publication, distribution, etc. | 2024 |
| 300 ## - PHYSICAL DESCRIPTION | |
| Extent | 53 p |
| 505 ## - FORMATTED CONTENTS NOTE | |
| Formatted contents note | The project "Intelligent Drone Surveillance System" is focused on creating a drone system that can autonomously perform real-time video surveillance and track objects using computer vision and machine learning. This system tracks suspicious objects on its own to enhance surveillance activities by using deep learning algorithms. The results suggest that faster object recognition and tracking have led to better security checks and quicker threat identification, resulting in timely response. Detailed documentation supports the system’s timely response to threats through smart decision-making as it allows for proper monitoring and real-time surveillance efforts.<br/>This research is advancing the industry by developing advanced drone technology, which helps create sustainable cities with improved security measures. It also contributes to peace and justice by assisting law enforcement agencies. The project emphasizes partnerships technology developers who are involved in security affairs so that surveillance and security problems are solved effectively. The Intelligent Drone Surveillance System is a great advancement in surveillance technology, with potential applications in various sectors needing enhanced security and real-time monitoring capabilities. |
| 650 ## - SUBJECT ADDED ENTRY--TOPICAL TERM | |
| Topical term or geographic name entry element | UG EE Project |
| 9 (RLIN) | 118090 |
| 651 ## - SUBJECT ADDED ENTRY--GEOGRAPHIC NAME | |
| Geographic name | BEE-57 |
| 9 (RLIN) | 125983 |
| 700 ## - ADDED ENTRY--PERSONAL NAME | |
| Personal name | Supervisor Dr. Shibli Nisar |
| 9 (RLIN) | 112570 |
| 942 ## - ADDED ENTRY ELEMENTS (KOHA) | |
| Source of classification or shelving scheme | |
| Koha item type | Project Report |
No items available.
